English to Spanish-School Items - Statistics

General Stats
  • This quiz has been taken 35 times
  • The average score is 15 of 20
Answer Stats
Hint Answer % Correct
Calculator Calculadora
88%
Science (Class) Ciencia
88%
Pencil Case Estuche para lápices
88%
Pencil Lápiz
88%
Mathematics (Class) Matemáticas
88%
Index Card Tarjeta de índice
88%
Water Bottle Botella de agua
85%
History (Class) Historia
85%
English (Class) Inglés
85%
Pen Bolígrafo
81%
Eraser Borrador
81%
Sticky Note Nota adhesiva
81%
Lunchbox Lonchera
77%
Backpack Mochila
73%
Scissors Tijeras
69%
Headphones Auriculares
58%
Notebook Libreta
54%
Folder Carpeta
50%
Glue Pegamento
50%
Highlighter Resaltador
38%
No matching quizzes found
Score Distribution
Percent of People with Each Score
Percentile by Number Answered
Your Score History
You have not taken this quiz